| 000 | 00813nam a22002537a 4500 | ||
|---|---|---|---|
| 001 | 3366 | ||
| 003 | FISKH | ||
| 005 | 20240304151804.0 | ||
| 008 | 240229b cb ||||| |||| 00| 0 eng d | ||
| 040 |
_aFISK _beng _cFISK _dFISK |
||
| 050 | _aPZ7.H7875 | ||
| 082 | _a823.914 | ||
| 100 |
_aHorowitz Anthony : _d1955- |
||
| 245 |
_aScorpia / _cAnthony Horowitz |
||
| 260 |
_aNew York : _bScholastic, _c2006 |
||
| 300 |
_a312 pages : _c20 cm : |
||
| 490 | _3Alex rider | ||
| 505 | _aM | ||
| 520 | _aAfter being told that his father was an assassin for a criminal organization, fourteen-year-old Alex goes to Italy to find out more and becomes involved in a plan to kill thousands of English schoolchildren. | ||
| 521 | 8 |
_a680 _bM |
|
| 700 | _aAnthony Horowitz | ||
| 942 |
_2ddc _cBK _n0 |
||
| 999 |
_c3366 _d3366 |
||